00890cam a22002531 4500001001300000003000400013005001700017008004100034010001700075035001800092040002700110043001200137050002200149051001700171100004100188245006100229260004300290300001100333410005000344500016100394650003600555650002800591999001700619gs 05000807 DLC20260227111302.0730206s1893 dcuf 000 0 eng  ags 05000807  a(OCoLC)553275 aDLCcODaWUdOCoLCdDLC an-us---00aQE75b.M7 vol. 21 aQE832.C6bS41 aScudder, Samuel Hubbard,d1837-1911.10aTertiary rhynchophorous Coleoptera of the United States. aWashington,bGovt. print. off.,c1893. a206 p.20aGeological Survey (U.S.).tMonographs,vv. 21 aAnother issue. 52nd Cong., 2d sess. House. Mis. doc. 118. Added t.p.: The miscellaneous documents of the House of Representatives ... 1892-'93. v. 27. 1894. 0aBeetles, FossilzUnited States. 0aPaleontologyyTertiary. c24294d24294